| 000 | 00000nam 2200000za 4500 |
| 001 | 9.695440 |
| 003 | CaOODSP |
| 005 | 20210624234558 |
| 007 | cr ||||||||||| |
| 008 | 150407s1998 onc|||||o f|0| 0 eng d |
| 040 | |aCaOODSP|beng |
| 043 | |an-cn--- |
| 086 | 1 |aJU11-4/1998E-PDF |
| 110 | 2 |aCanadian Judicial Council. |
| 245 | 10|aEthical principles for judges |h[electronic resource] / |c[issued by] Canadian Judicial Council. |
| 260 | |aOttawa : |bCanadian Judicial Council, |c[1998]. |
| 300 | |a54 p. |
| 500 | |a"Represents a concise yet comprehensive set of principles addressing the many difficult ethical issues that confront judges as they work and live in their communities. It also provides a sound basis to promote a more complete a more complete understanding of the role of the judge in society and of the ethical dilemmas they so often encounter."--Foreword, p.5 of 54. |
| 500 | |aThe catalogue number (JU11-4/1998E) and ISBN (0-662-27376-1) for the print edition have been incorrectly copied in this electronic publication. |
| 520 | 3 |aRepresents a concise yet comprehensive set of principles addressing the many difficult ethical issues that confront judges as they work and live in their communities. It also provides a sound basis to promote a more complete a more complete understanding of the role of the judge in society and of the ethical dilemmas they so often encounter.--Foreword, p.5 of 54. |
| 590 | |a12-16-Supp|b2012-04-17 |
| 690 | 07|aEthics|2gcpds |
| 690 | 07|aJudges|2gcpds |
| 690 | 07|aCourts|2gcpds |
| 775 | 08|tPrincipes de déontologie judiciaire |w(CaOODSP)9.639576 |
| 776 | 0#|tEthical principles for judges |w(CaOODSP)9.647182 |
| 794 | |tEthical principles for judges |w(CaOODSP)9.687133 |
| 856 | 40|ahttp://publications.gc.ca|qPDF|s289 KB|uhttps://publications.gc.ca/collections/Collection/JU11-4-1998E.pdf |